000 01000nam a2200205 a 4500
001 000021480
005 20200930011337.0
008 100908s2004 dr a 000 0 spa d
040 _aDO-SdBNP
_bspa
_cBNPHU
082 _axxx
_bS237p
100 1 _aSantoni, J. R.
_944798
245 1 0 _aPotenciales en W en el EMG de la ELA, avulsión del plexo branquial y polio en comparación con la polineuropatia = W potencial in the EMG of ALS, poliomyelitis, brachial plexus avulsion compared to polyneuropathy :
_brelevancia de otros signos de reposo = relevance of other resting sings /
_cJ. R. Santoni, C. J. Santoni-Williams.
260 _aSanto Domingo :
_bAcademia de Ciencia de la República Dominicana,
_c2004.
300 _a34 ; 33 p. :
_bil. ;
_c22 cm.
500 _aIncluye datos biográficos del autor en las solapas
504 _aIncluye referencias bibliográficas
563 _aEncuadernación invertida título en el idioma inglés
700 1 _aSantoni-Williams, C. J.
_944799
049 _aBNPD
999 _c20980
_d20980